000 00454cam a2200193 4500
001 J890
008 090401t1929 xxu||||| |||| 00| 0 eng d
035 _a(Sirsi) u23019
041 _aeng
050 _a526.6
100 _aRice-Oxley, M.K.
245 _aAstronomy for surveyors.
260 _aLondon
_bMethuen & Co. Ltd.
_c1929
300 _aix,208p. : ill. ; 19cm.
350 _a0
700 _aShearer, W.V.
942 _n0
948 _c04/03/1997
999 _c88301
_d88301